1765 1652 1525 1785 1735 1944 1457 1528 1626 1528 1035 1102 1898 1758 1285 1568 1347 1489 1194 1911 1621 1231 1053 1769 1646 1694 1227 1544 1474 1018 1273 1809 1807 1492 1571 1930 1257 1271 1920 1990 1336 1246 1480 1689 1093 1714 1294 1987 1821 1102 1883 1584 1192 1450 1895 1677 1123 1795 1715 1558 1190 1174 1794 1587 1640 1005 1722 1662 1445 1026 1551 1570 1626 1278 1848 1148 1106 1523 1484 1515 1800 1647 1109 1435 1421 1894 1164 1647 1828 1130 1760 1714 1602 1768 1347 1209 1803 1668 1164 BCNSPRNW ULIB Ver.6.0+V

เปลี่ยนเป็นภาษาไทย

Change to English
 แสดงรายละเอียดบรรณานุกรม
  กลับหน้าหลัก

Brief Record : Get Marc (ISO 2709) : E-mail record : QR code < ปิดหน้าต่าง
LEADER : 00000nam 2200000uu 4500
001    13399113521
003     ULIB
008    111123s2542||||th 000 0 tha d
060  4 ^aWA19.5^bพ994ค 2542
110 1  ^aกระทรวงสาธารณสุข^bสำนักงานปลัดกระทรวง^bสถาบันพระบรมราชชนก
245 10 ^aคู่มือปฏิบัติการจัดการศึกษาสำหรับวิทยาลัยในสังกัดสถาบันพระบรมราชชนก/^cสถาบันพระบรมราชชนก
260    ^aนนทบุรี:^bสถาบันพระบรมราชชนก,^c2542
300    ^a128 หน้า
650  7 ^aสถาบันพระบรมราชชนก
945    ^p0^l0^i12418
945    ^p0^l0^i12419
945    ^p0^l0^i12420
995    ^aกัณชพร
999    ^aใช้งานได้ทุกระบบ
รายการนี้ยังไม่มีแท็ก
คุณยังไม่ได้ล็อกอิน คุณสามารถมีกิจกรรมร่วมกับเว็บไซต์ได้ แต่ต้องล็อกอินก่อน ::
  ล็อกอิน

รายการสื่อสารสนเทศ

ลำดับที่ ประเภท เลขเรียก/บาร์โค้ด สถานที่ สถานะ
- ไม่พบข้อมูล -

รายการใกล้เคียง
    หัวเรื่อง [สถาบันพระบรมราชชนก]

BibComment


ยังไม่เคยถูกคอมเมนท์

คอมเมนท์ทรัพยากรรายการนี้
  คอมเมนท์: คู่มือปฏิบัติการ..


 Copyright 2026. Bcnsprnw @Library